Aspectos éticos de la investigación cualitativa /
Kaydedildi:
| Yazar: | |
|---|---|
| Materyal Türü: | Metin |
| Konular: | |
| Etiketler: |
Etiketle
Etiket eklenmemiş, İlk siz ekleyin!
|
MARC
| LEADER | 00000 a a2200000 04500 | ||
|---|---|---|---|
| 001 | 45491 | ||
| 003 | |||
| 040 | |a CRAI/IIS |c CRAI/IIS | ||
| 090 | |a REV0780 (40)2002 | ||
| 100 | |a González Avila, Manuel | ||
| 245 | |a Aspectos éticos de la investigación cualitativa / |c Manuel González Avila | ||
| 650 | |a ETICA | ||
| 650 | |a INVESTIGACION | ||
| 650 | |a CIENCIA | ||
| 650 | |a TEORIA | ||
| 773 | |g número40, V Epoca (2002), páginas 132-144 | ||
| 999 | |c 18184 |d 18184 | ||
